000 00456nam a2200181Ia 4500
001 8757
005 20260306160633.0
008 260306t2017||||xx |||||||||||||| ||spa||
041 _aESP
082 _a371.33
_bA61
100 _aAngulo Aguirre, Luis
_eAUT
245 0 _aTIC en la educación:
_binformática y herramientas digitales
260 _c2017
300 _a221 páginas :
_c24 cm.
650 _aGEN
654 _aCED
942 _cLIB
_dJUS
_fJUS
_2ddc
_n
999 _c8757
_d8757